Andalucía en los toros, el cante y la danza / (Record no. 74092)

MARC details
000 -LEADER
campo de control de longitud fija 00622nam a2200193 i 4500
001 - NÚMERO DE CONTROL
campo de control 74092
003 - IDENTIFICADOR DE NÚMERO DE CONTROL
campo de control ES-MaACL
005 - FECHA Y HORA DE LA ÚLTIMA TRANSACCIÓN
campo de control 20250918175713.0
007 - CAMPO FIJO DE DESCRIPCIÓN FÍSICA--INFORMACIÓN GENERAL
campo de control de longitud fija t|
008 - DATOS DE LONGITUD FIJA--INFORMACIÓN GENERAL
campo de control de longitud fija 040915s1953 sp |||| | spa d
100 1# - ENTRADA PRINCIPAL--NOMBRE DE PERSONA
Nombre de persona González Climent, Anselmo.
9 (RLIN) 58512
245 10 - MENCIÓN DEL TÍTULO
Título Andalucía en los toros, el cante y la danza /
Mención de responsabilidad, etc. Anselmo González Climent ; prólogo de Alberto Insúa.
260 ## - PUBLICACIÓN, DISTRIBUCIÓN, ETC.
Lugar de publicación, distribución, etc. Madrid :
Nombre del editor, distribuidor, etc. [s.n.,
Fecha de publicación, distribución, etc. 1953] (
Fabricante E. Sánchez Leal)
300 ## - DESCRIPCIÓN FÍSICA
Extensión 397 p. ;
Dimensiones 22 cm.
650 04 - PUNTO DE ACCESO ADICIONAL DE MATERIA--TÉRMINO DE MATERIA
Término de materia o nombre geográfico como elemento de entrada Folklore-
Subdivisión geográfica Andalucía.
9 (RLIN) 12914
700 1# - ENTRADA AGREGADA--NOMBRE PERSONAL
Nombre de persona Insúa, Alberto,
Fechas asociadas al nombre 1885-1963
9 (RLIN) 65346
852 ## - LOCALIZACIÓN
Ubicación ES-MaACL
Número de control de estantería C-5752
Holdings
Estatus retirado Estado de pérdida Estado de daño No para préstamo Biblioteca de origen Biblioteca actual Ubicación en estantería Fecha de adquisición Fuente de adquisición Total de préstamos Signatura topográfica completa Código de barras Visto por última vez Precio de reemplazo Tipo de ítem Koha
        Biblioteca del Ateneo de Madrid Biblioteca del Ateneo de Madrid Sala Palomar 17/01/2008     C-5752 1077556 23/02/2023 23/02/2023 Libro impreso